Law of Evidence / (Record no. 4532)
[ view plain ]
| 000 -LEADER | |
|---|---|
| fixed length control field | 00479nam a22001697a 4500 |
| 005 - DATE AND TIME OF LATEST TRANSACTION | |
| control field | 20250305210416.0 |
| 008 - FIXED-LENGTH DATA ELEMENTS--GENERAL INFORMATION | |
| fixed length control field | 250305b |||||||| |||| 00| 0 eng d |
| 020 ## - INTERNATIONAL STANDARD BOOK NUMBER | |
| International Standard Book Number | 9788170129400 |
| 050 ## - LIBRARY OF CONGRESS CALL NUMBER | |
| Classification number | KD7499 |
| Item number | .G54 2010 |
| 100 ## - MAIN ENTRY--PERSONAL NAME | |
| Personal name | Sarathi Vepa P. |
| 245 ## - TITLE STATEMENT | |
| Title | Law of Evidence / |
| Statement of responsibility, etc. | Sarathi Vepa P. |
| 250 ## - EDITION STATEMENT | |
| Edition statement | 6th ed. |
| 260 ## - PUBLICATION, DISTRIBUTION, ETC. | |
| Place of publication, distribution, etc. | Luck now |
| Name of publisher, distributor, etc. | Eastern Book Company |
| Date of publication, distribution, etc. | c2010 |
| 300 ## - PHYSICAL DESCRIPTION | |
| Extent | lxxxiii, 396 p, ; |
| 500 ## - GENERAL NOTE | |
| General note | Includes subject, index, book catalogue |
| 942 ## - ADDED ENTRY ELEMENTS (KOHA) | |
| Source of classification or shelving scheme | Library of Congress Classification |
| Koha item type | Books |
| Suppress in OPAC | No |
| 999 ## - | |
| -- | 4532 |
| -- | 4532 |
| Withdrawn status | Lost status | Source of classification or shelving scheme | Damaged status | Not for loan | Collection | Home library | Current library | Shelving location | Date acquired | Total checkouts | Full call number | Barcode | Date last seen | Copy number | Price effective from | Koha item type |
|---|---|---|---|---|---|---|---|---|---|---|---|---|---|---|---|---|
| Library of Congress Classification | Non-fiction | Law Library (Christ Temple) | Law Library (Christ Temple) | General stacks | 03/05/2025 | KD7499.G54 SAR | LLCT00000432 | 03/05/2025 | 1 | 03/05/2025 | Books | |||||
| Library of Congress Classification | Non-fiction | Law Library (Christ Temple) | Law Library (Christ Temple) | General stacks | 03/05/2025 | KD7499.G54 SAR | LLCT00000433 | 03/05/2025 | 2 | 03/05/2025 | Books |